000
00294nam a22001217a 4500
008
150522b xxu||||| |||| 00| 0 eng d
020
_a
8131711404
082
_a
004.35
100
_a
JORDAN, HARRY F.
245
_a
FUNDAMENTALS OF PARALLEL PROCESSING
260
_a
INDIA
_b
PEARSON
_c
2003
942
_c
BK
999
_c
23181
_d
23181